[Event "XIII American Continental"]
[Site "Montevideo URU"]
[Date "2018.06.10"]
[Round "11"]
[White "Santos Filho, Tadeu Sousa"]
[Black "Ortiz, Jorge"]
[Result "1/2-1/2"]
[WhiteElo "2096"]
[BlackElo "1784"]
[EventDate "2018.06.01"]
[PlyCount "92"]

1.e4 d6 2.Nc3 e5 3.Nge2 Nc6 4.g3 g6 5.Bg2 Bg7 6.d3 Nge7 7.O-O O-O 8.h3 f5 
9.f4 Bh6 10.fxe5 Bxc1 11.Qxc1 Nxe5 12.d4 Nf7 13.Qd2 c6 14.Rae1 Kh8 15.Kh2 
Ng8 16.Qe3 Qe7 17.Qd2 Qd8 18.Nf4 Nf6 19.Qc1 fxe4 20.Nxe4 Nxe4 21.Rxe4 d5 
22.Re3 Nd6 23.c3 Bf5 24.Ne6 Bxe6 25.Rxe6 Qd7 26.Rxf8+ Rxf8 27.Qe1 Ne4 28.
Re5 Rf5 29.Bxe4 Rxe5 30.dxe5 dxe4 31.Qxe4 Qd2+ 32.Qg2 Qe1 33.Qf3 Qd2+ 34.
Kg1 Qe1+ 35.Kg2 Qd2+ 36.Kf1 Qc1+ 37.Ke2 Qxb2+ 38.Kd3 Qb1+ 39.Ke3 Qc1+ 40.
Kd4 Qg1+ 41.Kc4 b5+ 42.Kb4 a5+ 43.Kxa5 Qa7+ 44.Kb4 Qa4+ 45.Kc5 Qa7+ 46.Kd6
Qb8+ 1/2-1/2

[Event "XIII American Continental"]
[Site "Montevideo URU"]
[Date "2018.06.10"]
[Round "11"]
[White "Reolon, Victor"]
[Black "Moccero, Eduardo"]
[Result "0-1"]
[WhiteElo "1678"]
[BlackElo "1970"]
[EventDate "2018.06.01"]
[PlyCount "101"]

1.d4 d5 2.c4 e6 3.Nf3 c5 4.g3 Nc6 5.cxd5 exd5 6.Bg2 Nf6 7.O-O Be7 8.Nc3 
O-O 9.dxc5 Bxc5 10.Bg5 d4 11.Na4 Be7 12.Rc1 Re8 13.Nc5 h6 14.Bf4 Bxc5 15.
Rxc5 Qe7 16.Rxc6 bxc6 17.Nxd4 Bb7 18.Nxc6 Qxe2 19.Qb3 Ba6 20.Nd4 Qh5 21.
Bxa8 Bxf1 22.Bf3 Qc5 23.Be3 Bh3 24.Ne2 Qa5 25.Nc3 Qf5 26.Bg2 Bxg2 27.Kxg2 
a5 28.Qa4 Rb8 29.b3 Ng4 30.Bf4 Rc8 31.Qe4 Qxe4+ 32.Nxe4 Rc2 33.h3 f5 34.
hxg4 fxe4 35.a3 Rb2 36.Bc7 Rxb3 37.Bxa5 Rxa3 38.Bd2 Kf7 39.g5 h5 40.Kh3 
Ra1 41.Kg2 Kg6 42.Be3 Rb1 43.Kh3 Kf5 44.Bf4 Rb2 45.Be3 Re2 46.Bd4 Rd2 47.
Be3 Rd3 48.Bf4 Rf3 49.Be3 Rxe3 50.fxe3 Kxg5 51.Kh2 0-1

[Event "XIII American Continental"]
[Site "Montevideo URU"]
[Date "2018.06.10"]
[Round "11"]
[White "Rodriguez Farias, Eduardo"]
[Black "Campora, Edgardo"]
[Result "0-1"]
[WhiteElo "1943"]
[BlackElo "1772"]
[EventDate "2018.06.01"]
[PlyCount "60"]

1.e4 Nf6 2.e5 Nd5 3.d4 d6 4.c4 Nb6 5.exd6 exd6 6.h3 Bf5 7.Nf3 Nc6 8.Nc3 
Nb4 9.Kd2 Qf6 10.Nb5 O-O-O 11.Kc3 Nc2 12.Bg5 Na4+ 13.Kb3 Nxa1+ 14.Kxa4 
Qxg5 15.Nxg5 Bc2+ 16.b3 Bxd1 17.Bd3 Bc2 18.Bxc2 Nxc2 19.Nxf7 a6 20.Nc3 Be7
21.Nd5 Rhe8 22.Nxd8 Kxd8 23.Rd1 Bf6 24.Rd2 Ne1 25.f3 Bh4 26.b4 c6 27.Nc3 
Re3 28.Ne4 Nd3 29.Nxd6 Be1 30.Rd1 Nb2+ 0-1

[Event "XIII American Continental"]
[Site "Montevideo URU"]
[Date "2018.06.10"]
[Round "11"]
[White "Pena Canapa, Alfredo"]
[Black "Areco, Antonio"]
[Result "0-1"]
[WhiteElo "1925"]
[BlackElo "1746"]
[EventDate "2018.06.01"]
[PlyCount "38"]

1.d4 Nf6 2.c4 e5 3.dxe5 Ng4 4.Nf3 Nc6 5.a3 Ngxe5 6.e3 a5 7.b3 Be7 8.Bb2 
Bf6 9.Nd4 Qe7 10.Be2 d6 11.O-O Kf8 12.Nc3 Nxd4 13.exd4 Ng6 14.Nd5 Qd8 15.
Nxf6 Qxf6 16.g3 Bh3 17.Re1 Re8 18.Qd2 Re7 19.Qxa5 Rxe2 0-1

[Event "XIII American Continental"]
[Site "Montevideo URU"]
[Date "2018.06.10"]
[Round "11"]
[White "Miraballes Lopez, Andres"]
[Black "Suarez, Pedro"]
[Result "0-1"]
[WhiteElo "1665"]
[BlackElo "1924"]
[EventDate "2018.06.01"]
[PlyCount "58"]

1.e4 d6 2.d4 Nf6 3.Nc3 Nbd7 4.Be3 e5 5.dxe5 dxe5 6.Bc4 c6 7.a3 Be7 8.Nf3 
O-O 9.O-O Qc7 10.h3 b6 11.Qe2 b5 12.Ba2 a5 13.Bd2 Ba6 14.Qe1 b4 15.Ne2 
Nxe4 16.axb4 Nxd2 17.Qxd2 axb4 18.Rfd1 Rad8 19.Bxf7+ Rxf7 20.Rxa6 Nc5 21.
Qxd8+ Bxd8 22.Ra8 Rf8 23.Rda1 Bf6 24.R8a7 Qd6 25.Ne1 e4 26.Rb1 Bd4 27.Nxd4
Qxd4 28.Re7 Qxf2+ 29.Kh2 Qf6 0-1

[Event "XIII American Continental"]
[Site "Montevideo URU"]
[Date "2018.06.10"]
[Round "11"]
[White "Ruggiero, Alvaro"]
[Black "Palacio, Enzo"]
[Result "0-1"]
[WhiteElo "1894"]
[BlackElo "1633"]
[EventDate "2018.06.01"]
[PlyCount "102"]

1.e4 c5 2.Nc3 Nc6 3.f4 g6 4.Nf3 Bg7 5.Bc4 e6 6.O-O Nge7 7.Qe1 Nd4 8.Nxd4 
Bxd4+ 9.Kh1 O-O 10.d3 d5 11.Bb3 dxe4 12.Nxe4 b6 13.c3 Bg7 14.Qe3 Nf5 15.
Qh3 Qh4 16.Qxh4 Nxh4 17.g4 Bb7 18.Kg1 Rfd8 19.Bc4 Bd5 20.Bxd5 Rxd5 21.Nf2 
Bf6 22.h3 h6 23.Kh2 Be7 24.Be3 g5 25.Rad1 Rad8 26.fxg5 hxg5 27.Ne4 Ng6 28.
Nf6+ Bxf6 29.Rxf6 Ne5 30.Rdf1 R8d7 31.Bxg5 Nxg4+ 32.hxg4 Rxg5 33.R6f4 Rgd5
34.d4 cxd4 35.c4 Rc5 36.b3 b5 37.cxb5 Rxb5 38.Rd1 Rbd5 39.Rd3 e5 40.Re4 
Kg7 41.Kg3 Kg6 42.Kf3 Kg5 43.Rd2 Rc7 44.Rde2 f6 45.Rd2 Rc3+ 46.Kg2 Rdc5 
47.Ree2 Kxg4 48.Kh2 f5 49.Rg2+ Kf4 50.Rg6 Ke3 51.Rdg2 Rc2 0-1

[Event "XIII American Continental"]
[Site "Montevideo URU"]
[Date "2018.06.10"]
[Round "11"]
[White "Pinero, Ismael"]
[Black "Bon, Charles"]
[Result "1-0"]
[WhiteElo "1883"]
[BlackElo "1591"]
[EventDate "2018.06.01"]
[PlyCount "47"]

1.e4 c5 2.Nf3 d6 3.d4 cxd4 4.Nxd4 Nf6 5.Nc3 a6 6.f3 e5 7.Nb3 Be6 8.Be3 Be7
9.Qd2 O-O 10.O-O-O Nbd7 11.Kb1 Rc8 12.g4 b5 13.g5 Ne8 14.Nd5 Bxd5 15.exd5 
Nc5 16.Na5 Qd7 17.h4 Qd8 18.Bh3 Rc7 19.Nc6 Rxc6 20.dxc6 Nc7 21.Bxc5 dxc5 
22.Qxd8 Rxd8 23.Rxd8+ Bxd8 24.Rd1 1-0

[Event "XIII American Continental"]
[Site "Montevideo URU"]
[Date "2018.06.10"]
[Round "11"]
[White "Oviedo, Mathias"]
[Black "Davila Texeira, Mario"]
[Result "0-1"]
[WhiteElo "1611"]
[BlackElo "1873"]
[EventDate "2018.06.01"]
[PlyCount "34"]

1.e4 e5 2.Nf3 Nc6 3.Bc4 Bc5 4.c3 d6 5.d4 exd4 6.Nxd4 Ne5 7.Bb3 Qh4 8.O-O 
Nf6 9.Nd2 Bg4 10.N4f3 Qh5 11.Nxe5 Qxe5 12.Qc2 O-O 13.Kh1 Be2 14.Re1 Ng4 
15.g3 Qh5 16.h4 Nxf2+ 17.Kg2 Bd3 0-1

[Event "XIII American Continental"]
[Site "Montevideo URU"]
[Date "2018.06.10"]
[Round "11"]
[White "Zaruski, Julio"]
[Black "Do Prado, Hamilton Mesquita"]
[Result "1-0"]
[WhiteElo "1862"]
[BlackElo "1681"]
[EventDate "2018.06.01"]
[PlyCount "103"]

1.e4 d6 2.Nf3 Nf6 3.Nc3 c6 4.d4 Nbd7 5.h3 e5 6.Bc4 h6 7.dxe5 dxe5 8.Be3 
Be7 9.a4 a5 10.O-O Qc7 11.Qe2 g5 12.Rfd1 Nf8 13.Kf1 Ng6 14.Bb3 g4 15.hxg4 
Bxg4 16.Qc4 Be6 17.Nd5 Qb8 18.Nxf6+ Bxf6 19.Qd3 Qd8 20.Rd2 Bxb3 21.cxb3 
Qc7 22.Rad1 Rd8 23.Qc3 Rxd2 24.Rxd2 b6 25.b4 axb4 26.Qxb4 Bd8 27.Qc3 Bf6 
28.b4 Ne7 29.a5 bxa5 30.bxa5 Qb7 31.Ne1 h5 32.Qd3 O-O 33.a6 Qa8 34.a7 Nc8 
35.Ra2 Rd8 36.Qe2 h4 37.Bc5 Ne7 38.Rd2 Rxd2 39.Qxd2 Nc8 40.Qd7 Nxa7 41.
Bxa7 Bg7 42.Qc7 Bf8 43.Qb8 Qxb8 44.Bxb8 f6 45.Nf3 Kf7 46.Nxh4 Ke6 47.Nf5 
Kd7 48.Ke2 c5 49.Kd3 Kc6 50.Kc4 Kd7 51.Kd5 Kc8 52.Bd6 1-0

[Event "XIII American Continental"]
[Site "Montevideo URU"]
[Date "2018.06.10"]
[Round "11"]
[White "Lanaro, Emilio"]
[Black "Moyses Sobrinho, Elias"]
[Result "0-1"]
[WhiteElo "1760"]
[BlackElo "1920"]
[EventDate "2018.06.01"]
[PlyCount "94"]

1.e4 d5 2.exd5 Nf6 3.d4 Nxd5 4.c4 Nf6 5.Nf3 g6 6.b3 Bg7 7.Bb2 O-O 8.h3 Bf5
9.Bd3 Bxd3 10.Qxd3 c6 11.Na3 Nbd7 12.Nc2 Nc5 13.Qe2 Ne6 14.O-O-O Re8 15.g4
Qb6 16.d5 cxd5 17.cxd5 Nf4 18.Qe5 Qd6 19.Qxd6 exd6 20.Ne3 Ne4 21.Bxg7 Kxg7
22.Rh2 Nxf2 23.Rxf2 Rxe3 24.Ng5 Nd3+ 25.Rxd3 Rxd3 26.Rxf7+ Kg8 27.Rxh7 
Rxd5 28.h4 Rxg5 29.Rd7 Rxg4 30.Rxd6 Rc8+ 31.Kb2 Rc7 32.a4 Kg7 33.Ka3 Rxh4 
34.a5 Rh6 35.Ka4 g5 36.Rd5 Rg6 37.b4 g4 38.Rd2 g3 39.Rg2 Rf7 40.b5 Rf4+ 
41.Kb3 Rf2 42.Rg1 g2 43.Kc4 Rf1 44.Rxg2 Rxg2 45.b6 axb6 46.axb6 Rf6 47.Kd5
Rg5+ 0-1

[Event "XIII American Continental"]
[Site "Montevideo URU"]
[Date "2018.06.10"]
[Round "11"]
[White "Malan, Lucia"]
[Black "Busca, Joaquin"]
[Result "1-0"]
[WhiteElo "1733"]
[BlackElo "1889"]
[EventDate "2018.06.01"]
[PlyCount "73"]

1.e4 c6 2.d4 d5 3.Nd2 dxe4 4.Nxe4 Bf5 5.Ng3 Bg6 6.h4 h6 7.h5 Bh7 8.Nf3 Nf6
9.Bd3 Bxd3 10.Qxd3 e6 11.Bf4 Nbd7 12.O-O-O Be7 13.Ne4 Nxe4 14.Qxe4 Nf6 15.
Qe2 Nd5 16.Bd2 O-O 17.g4 Bd6 18.Ne5 Bxe5 19.dxe5 Qe7 20.c4 Nc7 21.f4 b5 
22.g5 hxg5 23.Rdg1 Qc5 24.Rxg5 Rfd8 25.Rhg1 Ne8 26.h6 g6 27.Qg4 Qxc4+ 28.
Bc3 Qd3 29.f5 exf5 30.Rxg6+ fxg6 31.Qxg6+ Kf8 32.Bb4+ Rd6 33.Bxd6+ Nxd6 
34.exd6 Qc4+ 35.Kb1 Qf7 36.h7 Qxg6 37.Rxg6 1-0

[Event "XIII American Continental"]
[Site "Montevideo URU"]
[Date "2018.06.10"]
[Round "11"]
[White "Ramirez, Agustin"]
[Black "Cortes Arias, Mariela"]
[Result "0-1"]
[WhiteElo "1675"]
[BlackElo "1830"]
[EventDate "2018.06.01"]
[PlyCount "70"]

1.d4 c5 2.dxc5 e6 3.g3 Bxc5 4.Bg2 d5 5.Nf3 Nf6 6.O-O O-O 7.b3 Nc6 8.Bb2 
Qe7 9.c3 e5 10.Nbd2 e4 11.Nd4 Nxd4 12.cxd4 Bd6 13.Rc1 Bf5 14.Kh1 Qd7 15.e3
Bh3 16.Nb1 h5 17.Rg1 Ng4 18.Qe2 Bxg2+ 19.Rxg2 Nf6 20.Qf1 h4 21.gxh4 Qf5 
22.Qg1 g6 23.Rg5 Qh3 24.Qg2 Qxh4 25.Rg1 Rfc8 26.Ba3 Bxa3 27.Nxa3 a6 28.Qg3
Qxg3 29.R1xg3 b5 30.Rf5 Rc1+ 31.Kg2 Kg7 32.h4 b4 33.h5 Rh8 34.hxg6 fxg6 
35.Rfg5 Rh6 0-1

[Event "XIII American Continental"]
[Site "Montevideo URU"]
[Date "2018.06.10"]
[Round "11"]
[White "Mordetzki, Ariel"]
[Black "Marques, Ubiratan De Azevedo"]
[Result "1/2-1/2"]
[WhiteElo "1542"]
[BlackElo "1777"]
[EventDate "2018.06.01"]
[PlyCount "39"]

1.e4 e5 2.Nf3 Nc6 3.Bc4 Bc5 4.c3 Nf6 5.d4 exd4 6.cxd4 Bb4+ 7.Nc3 d5 8.exd5
Nxd5 9.O-O Nxc3 10.bxc3 Bxc3 11.Qb3 Bxa1 12.Bxf7+ Kf8 13.Ba3+ Ne7 14.Re1 
c6 15.Rxa1 Qb6 16.Bxe7+ Kxe7 17.Re1+ Kd8 18.Qe3 Qb4 19.Qg5+ Kc7 20.Re7+ 
1/2-1/2

[Event "XIII American Continental"]
[Site "Montevideo URU"]
[Date "2018.06.10"]
[Round "11"]
[White "Macias Araya, Javier"]
[Black "Ferrari, Carlos"]
[Result "1-0"]
[WhiteElo "1378"]
[BlackElo "1703"]
[EventDate "2018.06.01"]
[PlyCount "85"]

1.e4 c5 2.c3 Nf6 3.d3 Qc7 4.Nf3 e6 5.g3 Nc6 6.Bg2 Be7 7.O-O O-O 8.Re1 d6 
9.d4 Bd7 10.e5 dxe5 11.dxe5 Nd5 12.c4 Nb6 13.b3 Rad8 14.Bf4 Bc8 15.Qc2 Nb4
16.Qe4 Rd7 17.Nc3 Rfd8 18.Ng5 Bxg5 19.Bxg5 Rd4 20.Bxd8 Qxd8 21.Rad1 Nd3 
22.Qe3 Nxe1 23.Qxe1 g6 24.Rxd4 cxd4 25.Nb5 a6 26.Nd6 Qc7 27.Qe4 Qc5 28.
Nxb7 Bxb7 29.Qxb7 d3 30.Qe4 d2 31.Qd3 Qb4 32.Kf1 a5 33.Ke2 a4 34.Qxd2 
Qxd2+ 35.Kxd2 axb3 36.axb3 Nd7 37.f4 Kg7 38.Kc3 f6 39.Kd4 Kf7 40.b4 fxe5+ 
41.fxe5 Ke7 42.c5 Kd8 43.b5 1-0

[Event "XIII American Continental"]
[Site "Montevideo URU"]
[Date "2018.06.10"]
[Round "11"]
[White "Baratta, Daniel"]
[Black "Gomes, Marco Tulio Caldeira"]
[Result "0-1"]
[WhiteElo "1193"]
[BlackElo "1692"]
[EventDate "2018.06.01"]
[PlyCount "60"]

1.d4 Nf6 2.c4 e6 3.Nc3 Bb4 4.Bg5 h6 5.Bh4 g5 6.Bg3 Ne4 7.Qc2 Bxc3+ 8.bxc3 
Nxg3 9.fxg3 d5 10.e3 Nd7 11.Nf3 b6 12.Be2 Bb7 13.O-O Qe7 14.Rf2 h5 15.Raf1
f5 16.h4 g4 17.Ng5 O-O-O 18.Rb1 Rdg8 19.Qb2 Rxg5 20.hxg5 Qxg5 21.c5 h4 22.
c6 Bxc6 23.Ba6+ Kd8 24.Bb5 Bxb5 25.Qxb5 hxg3 26.Rf4 Qh4 27.Kf1 Qh1+ 28.Ke2
Qxg2+ 29.Kd3 Rh2 30.Rd1 Qe2# 0-1

[Event "XIII American Continental"]
[Site "Montevideo URU"]
[Date "2018.06.10"]
[Round "11"]
[White "Fein, Jorge"]
[Black "Podesta, Sofia"]
[Result "0-1"]
[WhiteElo "1648"]
[BlackElo "1195"]
[EventDate "2018.06.01"]
[PlyCount "86"]

1.Nf3 Nf6 2.b3 e6 3.Bb2 d5 4.d3 Bd6 5.Nbd2 Nbd7 6.e4 dxe4 7.dxe4 e5 8.Bc4 
O-O 9.O-O Qe7 10.a3 Nc5 11.Re1 Bg4 12.h3 Bh5 13.b4 Na4 14.Qc1 Rad8 15.Bb3 
Nxb2 16.Qxb2 Rfe8 17.Qc1 c6 18.g4 Bg6 19.Nh4 Bc7 20.Nxg6 hxg6 21.Nf3 Qd7 
22.Ng5 Rf8 23.Rd1 Qc8 24.Rxd8 Qxd8 25.Kg2 Bb6 26.Qd1 Bd4 27.Rb1 Qb6 28.Qe2
Nh7 29.Nf3 Qc7 30.Nh4 Kh8 31.Nxg6+ fxg6 32.f3 Ng5 33.Rf1 Qe7 34.Qe1 Qf6 
35.Qh4+ Nh7 36.Qg3 g5 37.Rh1 Qf4 38.h4 Qd2+ 39.Kh3 gxh4 40.Qg2 Ng5+ 41.Kh2
Nxf3+ 42.Kh3 Ng5+ 43.Kh2 Rf2 0-1

[Event "XIII American Continental"]
[Site "Montevideo URU"]
[Date "2018.06.10"]
[Round "11"]
[White "Solari, Pablo"]
[Black "Araujo, Daniel"]
[Result "1-0"]
[WhiteElo "1678"]
[BlackElo "1529"]
[EventDate "2018.06.01"]
[PlyCount "107"]

1.Nf3 Nf6 2.b4 d6 3.Bb2 e5 4.e3 Be7 5.Be2 O-O 6.O-O b6 7.c4 Bb7 8.Nc3 Nbd7
9.d4 exd4 10.Nxd4 d5 11.Nxd5 Nxd5 12.cxd5 Bxd5 13.a3 c5 14.bxc5 Bxc5 15.
Bf3 Ne5 16.Bxd5 Qxd5 17.Nb3 Qe4 18.Nxc5 bxc5 19.Qd6 Nc4 20.Qxc5 Nxb2 21.f3
Nd3 22.Qxf8+ Kxf8 23.fxe4 Re8 24.Rad1 Nc5 25.Rc1 Nxe4 26.Rc7 Nf6 27.Rf3 a5
28.g4 h6 29.h4 Re4 30.Kf2 Rxg4 31.Rf4 Rg6 32.Rd4 Kg8 33.Ra7 Ng4+ 34.Ke2 
Ne5 35.Rxa5 Nc6 36.Ra8+ Kh7 37.Rf4 Ne5 38.a4 Rc6 39.Kd2 Rc7 40.a5 Kg6 41.
a6 f6 42.Rb8 Nc4+ 43.Rxc4 Rxc4 44.a7 Ra4 45.a8=Q Rxa8 46.Rxa8 Kh5 47.Ra4 
g5 48.hxg5 hxg5 49.Ke2 g4 50.Kf2 Kg5 51.Rf4 f5 52.Kg3 Kg6 53.e4 fxe4 54.
Rxe4 1-0

[Event "XIII American Continental"]
[Site "Montevideo URU"]
[Date "2018.06.10"]
[Round "11"]
[White "Stetsenko, Ilya"]
[Black "Ribeiro, Gilnei Guedes"]
[Result "1-0"]
[WhiteElo "1461"]
[BlackElo "1445"]
[EventDate "2018.06.01"]
[PlyCount "63"]

1.d4 Nf6 2.c4 e6 3.Nf3 b6 4.a3 Ne4 5.Qc2 Bb7 6.g3 Be7 7.Bg2 O-O 8.O-O f5 
9.d5 exd5 10.cxd5 d6 11.Nfd2 Bxd5 12.Nxe4 fxe4 13.Bxe4 Bxe4 14.Qxe4 Nd7 
15.Nc3 Nc5 16.Qc4+ Kh8 17.b4 Nd7 18.Nd5 Rc8 19.Qc6 Bf6 20.Rb1 Re8 21.Nxf6 
Nxf6 22.e3 Re6 23.Bb2 Ne4 24.f3 Ng5 25.f4 Ne4 26.f5 Re8 27.Rf4 Ng5 28.Qc3 
Re5 29.Kg2 Ne4 30.Rxe4 Qf6 31.Rxe5 dxe5 32.Qxe5 1-0